000 00334nam a2200133Ia 4500
008 240624s9999 xx 000 0 und d
041 _aeng
082 _a891.46 KUL
100 _aKULKARNI SHARAD V
245 _aSRIRAMKRISHNA PARAMHANS MARATHI
260 _c2012
_aKolhapur
_bRiya Publications
300 _a192 p.
365 _cRS
_b25
999 _c30179
_d30179